Volebná urna mestského magistrátu z roku 1765

Bibliographic Details
Format: Article
Language:Slovak
PhysicalDescription:Fotogr.
ISSN:1335-4566
Subjects:

MARC

LEADER 00000nab a2200000 a 4500
001 vtls009165862
003 SK-MaSNL
005 20260305034605.0
008 071207c20071207xo drz 0 0slo
038 |a KEVKJB 
040 |a KEVKJB  |b slo  |c KEVKJB  |e AACR2 
041 0 |a slo 
044 |a xo  |c SK 
080 |a 069.02  |2 2001 
080 |a 342.8:903.23  |2 2001 
245 0 0 |a Volebná urna mestského magistrátu z roku 1765  |c [autor] (ato) 
300 |b Fotogr. 
610 2 7 |a Miklušova väznica (Košice, Slovensko)  |2 kevkjb  |9 176125 
650 0 7 |a volebné urny  |y 1765  |2 kevkjb  |9 1616222 
651 7 |a Košice (Slovensko)  |2 kevkjb  |9 18694 
773 0 |t Košický Korzár  |g Roč. X, č. 281 (7.12.2007)  |x 1335-4566 
773 0 8 |i Príl.:  |t Pohoda  |g S. 30 
852 |a KEVKJB  |b KIS3GCP 
999 |c 3330013  |d 3331943